[Event "Dortmund GER"]
[Site "?"]
[Date "1997.??.??"]
[Round "3"]
[White "Jussupow Artur"]
[Black "Anand Viswanathan"]
[Result "0-1"]
[WhiteElo "2665"]
[BlackElo "2765"]
[PlyCount "64"]
[EventDate "1997.??.??"]
[Source "www.chesslib.no"]
[SourceDate "2004.05.04"]

1. d4 d5 2. c4 dxc4 3. e3 Nf6 4. Bxc4 e6 5. Nf3 c5 6. O-O a6 7. Qe2 b5 8. Bb3 Bb7 9. a4 b4 10. Nbd2 Be7 11. Nc4 O-O 12. Rd1 Qc7 13. Bd2 Nbd7 14. Nfe5 Rfd8 15. Rac1 a5 16. Be1 Nxe5 17. dxe5 Nd7 18. f4 Ba6 19. Qc2 Bxc4 20. Qxc4 Nb6 21. Rxd8+ Qxd8 22. Qb5 g6 23. Bd2 Qc7 24. Bc2 Rb8 25. Qd7 Rc8 26. Be4 b3 27. Rxc5 Rd8 28. Bb4 Bf6 29. Bd3 Be7 30. Bd2 Qb7 31. Bb1 Rb8 32. Rc3 Kh8 0-1

[Event "Las Palmas"]
[Site "?"]
[Date "1993.??.??"]
[Round "?"]
[White "Yusupov, A."]
[Black "Anand, V."]
[Result "1/2-1/2"]
[WhiteElo "2645"]
[BlackElo "2710"]
[PlyCount "55"]
[EventDate "1993.??.??"]
[Source "ChessBase"]
[SourceDate "1993.06.01"]

1. d4 d5 2. c4 dxc4 3. Nf3 Nf6 4. e3 e6 5. Bxc4 c5 6. O-O a6 7. Qe2 b5 8. Bb3 Bb7 9. a4 Nbd7 10. axb5 axb5 11. Rxa8 Qxa8 12. Nc3 b4 13. Nb5 Bxf3 14. gxf3 Qb8 15. Rd1 Be7 16. e4 cxd4 17. Nxd4 Bd6 18. e5 Bxe5 19. Nxe6 fxe6 20. f4 Ke7 21. Qc4 Nd5 22. fxe5 Qxe5 23. Bd2 N7b6 24. Bxb4+ Kf7 25. Qd4 Qxd4 26. Rxd4 Nxb4 27. Rxb4 Nd5 28. Rb7+ 1/2-1/2

[Event "Amber-blind 4th"]
[Site "Monte Carlo"]
[Date "1995.??.??"]
[Round "2"]
[White "Piket, Jeroen"]
[Black "Lautier, Joel"]
[Result "1-0"]
[WhiteElo "2670"]
[BlackElo "2655"]
[PlyCount "301"]
[EventDate "1995.03.??"]
[Source "ChessBase"]

1. d4 d5 2. c4 dxc4 3. e3 Nf6 4. Bxc4 e6 5. Nf3 c5 6. O-O a6 7. Qe2 b5 8. Bb3 Bb7 9. a4 Nbd7 10. axb5 axb5 11. Rxa8 Qxa8 12. Nc3 b4 13. Nb5 Bxf3 14. gxf3 Qb8 15. Rd1 Be7 16. e4 O-O 17. e5 Nd5 18. Bxd5 exd5 19. dxc5 Nxe5 20. Bf4 Nxf3+ 21. Qxf3 Qxb5 22. Bd6 Bxd6 23. cxd6 Re8 24. Rxd5 Qd7 25. h3 h6 26. Kh2 Rc8 27. Qe4 Rb8 28. b3 Rb7 29. Qd4 Rb8 30. Qc5 Kh7 31. Rd4 Rb5 32. Qc2+ Kg8 33. Qd2 Rb6 34. Rd5 Rb8 35. Qd4 Rb7 36. Re5 Qd8 37. Kg2 g6 38. Qe4 Rb8 39. Qd5 Qd7 40. Re7 Qf5 41. Qxf5 gxf5 42. Re5 Rd8 43. Rd5 Kg7 44. Kf3 Kf6 45. Kf4 Ke6 46. Rd4 Rxd6 47. Rxd6+ Kxd6 48. Kxf5 Kd5 49. Kf6 Kd4 50. Kxf7 Kc3 51. f4 Kxb3 52. f5 Ka2 53. Kg7 b3 54. f6 b2 55. f7 b1=Q 56. f8=Q Qb2+ 57. Kxh6 Qd2+ 58. Kh5 Qe2+ 59. Kh4 Qe1+ 60. Kg4 Qg1+ 61. Kh5 Qd1+ 62. Kg6 Qg1+ 63. Kh7 Qb1+ 64. Kh8 Qb2+ 65. Qg7 Qf2 66. Kg8 Kb1 67. Qg6+ Kc1 68. Qg5+ Kb1 69. h4 Qa2+ 70. Kg7 Qa7+ 71. Kh6 Qb8 72. Qf6 Ka2 73. Qf7+ Kb1 74. h5 Kc1 75. Qf1+ Kd2 76. Qf6 Kd1 77. Qf3+ Ke1 78. Qe4+ Kd1 79. Qd5+ Ke1 80. Kg5 Qg3+ 81. Kf5 Qf2+ 82. Ke6 Qb6+ 83. Kf7 Qf2+ 84. Ke7 Qa7+ 85. Kf6 Qf2+ 86. Qf5 Qh4+ 87. Kf7 Kd1 88. Qd3+ Kc1 89. Qe3+ Kd1 90. Qd3+ Kc1 91. Qe3+ Kd1 92. h6 Qh5+ 93. Kf6 Qh4+ 94. Ke6 Qg4+ 95. Ke7 Qh4+ 96. Kd7 Qa4+ 97. Kd6 Qb4+ 98. Kd5 Qb5+ 99. Qc5 Qb3+ 100. Kd6 Qb8+ 101. Kd7 Qb7+ 102. Qc7 Qb5+ 103. Qc6 Qf5+ 104. Kc7 Qa5+ 105. Kc8 Qh5 106. Qa4+ Kc1 107. Qc4+ Kb1 108. Qe4+ Ka2 109. h7 Qc5+ 110. Kd7 Qb5+ 111. Ke7 Qc5+ 112. Kf7 Qc7+ 113. Kf6 Qc3+ 114. Kf5 Qh3+ 115. Ke5 Qc3+ 116. Kf4 Qc1+ 117. Kg3 Qg5+ 118. Kh3 Qh5+ 119. Kg2 Q 5+ 120. Kf1 Qf6+ 121. Ke1 Qc3+ 122. Kd1 Qh8 123. Qe6+ Ka3 124. Qe7+ Ka4 125. Qd7+ Ka3 126. Qa7+ Kb4 127. Qe7+ Ka4 128. Ke2 Qb2+ 129. Kf3 Qc3+ 130. Qe3 Qh8 131. Qf4+ Ka3 132. Qd6+ Ka2 133. Qd3 Qf6+ 134. Ke2 Qe5+ 135. Kd2 Qh2+ 136. Kc1 Qh1+ 137. Kc2 Qc6+ 138. Kd1 Qh1+ 139. Kd2 Qh6+ 140. Kc3 Qg7+ 141. Kc2 Qb2+ 142. Kd1 Qh8 143. Kd2 Qf8 144. Qc2+ Ka3 145. Qc3+ Ka2 146. h8=Q Qf2+ 147. Kd3 Qf3+ 148. Kc4 Qc6+ 149. Kd4 Qd6+ 150. Ke4 Qg6+ 151. Kf4 1-0

[Event "Tal mem"]
[Site "Riga"]
[Date "1995.??.??"]
[Round "2"]
[White "Ehlvest, Jaan"]
[Black "Ivanchuk, Vassily"]
[Result "0-1"]
[WhiteElo "2615"]
[BlackElo "2700"]
[PlyCount "70"]
[EventDate "1995.04.??"]
[Source "ChessBase"]

1. d4 d5 2. c4 dxc4 3. Nf3 a6 4. e3 e6 5. Bxc4 c5 6. Qe2 b5 7. Bb3 Bb7 8. O-O Nf6 9. Rd1 Nbd7 10. Nc3 Qb8 11. d5 exd5 12. Bxd5 Nxd5 13. Nxd5 Bxd5 14. Rxd5 Be7 15. e4 Qb7 16. Bg5 Nb6 17. Rf5 f6 18. Bh4 O-O 19. e5 Rae8 20. exf6 Bxf6 21. Qc2 Bxh4 22. Rxf8+ Rxf8 23. Nxh4 c4 24. Nf3 Nd5 25. Ng5 Nf6 26. Re1 h6 27. Nf3 Nd5 28. Ne5 Nf4 29. f3 Re8 30. Re4 Nd3 31. Qe2 Rd8 32. h4 Qb6+ 33. Kh2 Qf6 34. Nxd3 cxd3 35. Re8+ Kf7 0-1

[Event "Horgen CS"]
[Site "Horgen"]
[Date "1994.??.??"]
[Round "7"]
[White "Jussupow, Artur"]
[Black "Lautier, Joel"]
[Result "1/2-1/2"]
[WhiteElo "2655"]
[BlackElo "2645"]
[PlyCount "69"]
[EventDate "1994.09.??"]
[Source "ChessBase"]

1. d4 d5 2. c4 dxc4 3. e3 Nf6 4. Bxc4 e6 5. Nf3 c5 6. O-O a6 7. Qe2 b5 8. Bb3 Bb7 9. a4 Nbd7 10. axb5 axb5 11. Rxa8 Qxa8 12. Nc3 b4 13. Nb5 Bxf3 14. Qxf3 Qxf3 15. gxf3 Be7 16. Bd2 O-O 17. Rc1 Ra8 18. dxc5 Bxc5 19. Kf1 g6 20. Ke2 Nd5 21. Bxd5 exd5 22. Nc7 Ra2 23. Nxd5 Rxb2 24. Nf6+ Nxf6 25. Rxc5 Kf8 26. Rb5 b3 27. e4 Ke7 28. Ke3 Nd7 29. Bb4+ Kd8 30. Bd6 Rb1 31. e5 b2 32. Ke2 g5 33. Rb4 Kc8 34. Rb5 Kd8 35. Rb4 1/2-1/2

[Event "Samba Cup 1st"]
[Site "Skanderborg"]
[Date "2003.10.16"]
[Round "6"]
[White "Sasikiran, Krishnan"]
[Black "Hansen, Curt"]
[Result "0-1"]
[WhiteElo "2679"]
[BlackElo "2616"]
[PlyCount "90"]
[EventDate "2003.10.10"]
[Source "ChessBase"]
[SourceDate "2004.02.03"]

1. Nf3 d5 2. d4 Nf6 3. c4 dxc4 4. e3 e6 5. Bxc4 a6 6. O-O c5 7. Qe2 b5 8. Bb3 Bb7 9. Rd1 Nbd7 10. Nc3 Qb8 11. d5 c4 12. dxe6 fxe6 13. Bc2 Bd6 14. e4 O-O 15. h3 Qc7 16. a3 Rae8 17. Be3 Ne5 18. Nd4 Ng6 19. b4 Qe7 20. Rab1 Kh8 21. Kh1 Rc8 22. Nf3 Nh5 23. Bg5 Qc7 24. a4 Nhf4 25. Bxf4 Nxf4 26. Qe3 Bc6 27. axb5 axb5 28. Nd4 Rb8 29. Rd2 Bd7 30. g3 Nxh3 31. Kg2 Nf4+ 32. gxf4 Bxf4 33. Qe2 Rf6 34. Rh1 Bxd2 35. Qxd2 Rbf8 36. Nd1 Qe5 37. Ne2 Bc6 38. Qd4 Qg5+ 39. Ng3 e5 40. Qc3 Qg4 41. Qxe5 Rxf2+ 42. Nxf2 Qf3+ 43. Kh3 Bd7+ 44. Ng4 Bxg4+ 45. Kh4 Bd7 0-1

[Event "Moscow (ol)"]
[Site "?"]
[Date "1994.??.??"]
[Round "?"]
[White "Yusupov, A."]
[Black "Polgar, Judit"]
[Result "1-0"]
[WhiteElo "2655"]
[BlackElo "2630"]
[PlyCount "89"]
[EventDate "1994.??.??"]
[Source "ChessBase"]
[SourceDate "1994.10.01"]

1. d4 d5 2. c4 dxc4 3. e3 Nf6 4. Bxc4 e6 5. Nf3 c5 6. O-O a6 7. Qe2 b5 8. Bb3 Bb7 9. a4 Nbd7 10. axb5 axb5 11. Rxa8 Qxa8 12. Nc3 b4 13. Nb5 Qb8 14. e4 Nxe4 15. Ng5 Bc6 16. d5 Bxb5 17. Qxe4 Nf6 18. Qe3 Bxf1 19. Nxf7 Qxh2+ 20. Kxh2 Ng4+ 21. Kg1 Nxe3 22. Nxh8 Nxd5 23. Ba4+ Ke7 24. Bg5+ Nf6 25. Kxf1 c4 26. Be3 Kd6 27. Nf7+ Kd5 28. Bd1 e5 29. b3 e4 30. f4 c3 31. Be2 Ke6 32. Bc4+ Kf5 33. Ng5 Kg4 34. Be6+ Kg3 35. Bf5 Bc5 36. Bxc5 Kxf4 37. Ne6+ Kxf5 38. Nd4+ Kf4 39. Bxb4 Ke3 40. Bxc3 Nd5 41. Ne2 g5 42. b4 Kd3 43. b5 Kc4 44. Bd2 e3 45. Ba5 1-0

[Event "City-ch"]
[Site "Moscow"]
[Date "2003.04.28"]
[Round "5.3"]
[White "Malakhov, Vladimir"]
[Black "Najer, Evgeniy"]
[Result "1/2-1/2"]
[WhiteElo "2672"]
[BlackElo "2606"]
[PlyCount "161"]
[EventDate "2003.04.20"]
[Source "Roberto Alvarez"]
[SourceDate "2003.05.05"]

1. Nf3 d5 2. c4 dxc4 3. e3 Nf6 4. Bxc4 e6 5. O-O c5 6. d4 a6 7. Qe2 b5 8. Bb3 Bb7 9. Rd1 Nbd7 10. Nc3 Qb8 11. a3 Bd6 12. h3 O-O 13. Bc2 Rc8 14. dxc5 Rxc5 15. e4 Bf4 16. Be3 Bxe3 17. Qxe3 Qc7 18. Ne1 Ne5 19. Nd3 Nxd3 20. Bxd3 Rc8 21. Bf1 g6 22. f3 Kg7 23. Rd2 Qe5 24. Qd4 Qf4 25. Rad1 h5 26. Ne2 Qc7 27. Qd6 Qxd6 28. Rxd6 Kf8 29. Nd4 Ke7 30. Nb3 Rd5 31. exd5 Kxd6 32. dxe6+ Kxe6 33. h4 Nd5 34. Rd2 Nb6 35. Kf2 Bd5 36. Nd4+ Ke5 37. g3 Rc1 38. f4+ Kf6 39. Ne2 Ra1 40. Nc3 Bc4 41. Bg2 Ke7 42. Ke3 a5 43. Kd4 b4 44. axb4 axb4 45. Nd5+ Bxd5 46. Bxd5 Nxd5 47. Kxd5 Re1 48. Kc4 Re4+ 49. Rd4 Re2 50. b3 Re3 51. Rd3 Re4+ 52. Kd5 Re1 53. Kc5 Re4 54. Rd5 f6 55. Rd4 Re3 56. Rxb4 Rxg3 57. Re4+ Kd7 58. b4 g5 59. Rd4+ Kc8 60. Kd5 gxh4 61. Ke4 h3 62. Rd5 Rb3 63. Rd2 Rxb4+ 64. Kf5 Kc7 65. Rh2 Rb3 66. Kxf6 Rg3 67. f5 Kd6 68. Rd2+ Kc7 69. Ke5 Rg2 70. Rd3 Re2+ 71. Kf6 h2 72. Rh3 Kd6 73. Rxh5 Rg2 74. Kf7 Ke5 75. f6+ Kf4 76. Ke7 Kg4 77. Rh8 Re2+ 78. Kf7 Rf2 79. Ke6 Rxf6+ 80. Kxf6 Kg3 81. Rxh2 1/2-1/2

[Event "Munich SKA"]
[Site "Munich"]
[Date "1994.??.??"]
[Round "5"]
[White "Jussupow, Artur"]
[Black "Huebner, Robert"]
[Result "1/2-1/2"]
[WhiteElo "2655"]
[BlackElo "2610"]
[PlyCount "46"]
[EventDate "1994.05.??"]
[Source "ChessBase"]

1. d4 d5 2. c4 dxc4 3. e3 Nf6 4. Bxc4 e6 5. Nf3 c5 6. O-O a6 7. Qe2 b5 8. Bb3 Bb7 9. a4 Nbd7 10. axb5 axb5 11. Rxa8 Qxa8 12. Nc3 b4 13. Nb5 Bxf3 14. Qxf3 Qxf3 15. gxf3 Be7 16. Bd2 O-O 17. Rc1 Ra8 18. dxc5 Bxc5 19. Kf1 g6 20. Ke2 Nd5 21. e4 N5b6 22. Bh6 Ra5 23. Nc7 Bf8 1/2-1/2

[Event "Istanbul ol (Men)"]
[Site "Istanbul"]
[Date "2000.11.07"]
[Round "10"]
[White "Aleksandrov, Aleksej"]
[Black "Xu Jun"]
[Result "1/2-1/2"]
[WhiteElo "2591"]
[BlackElo "2668"]
[PlyCount "117"]
[EventDate "2000.10.??"]
[Source "www.chesslib.no"]
[SourceDate "2004.05.04"]

1. d4 d5 2. c4 c6 3. Nc3 Nf6 4. e3 a6 5. Bd3 dxc4 6. Bxc4 b5 7. Bb3 e6 8. Nf3 c5 9. O-O Bb7 10. Qe2 Nbd7 11. Rd1 Qb8 12. e4 cxd4 13. Nd5 Bd6 14. Nxf6+ Nxf6 15. Bc2 e5 16. a4 O-O 17. axb5 axb5 18. Bg5 Nd7 19. Nh4 Rxa1 20. Rxa1 g6 21. Qxb5 Nc5 22. b4 Nxe4 23. Bh6 Rc8 24. Bb3 Nf6 25. f4 Be4 26. Qxb8 Rxb8 27. Ra7 Rxb4 28. Bxf7+ Kh8 29. Ba2 Bb7 30. fxe5 Bxe5 31. Nf3 Bb8 32. Ra3 Ng4 33. Bc1 Ne5 34. Ng5 d3 35. Rb3 Ba7+ 36. Kf1 Ba6 37. Ke1 Ra4 38. Ra3 Rxa3 39. Bxa3 Bd4 40. Kd2 Ng4 41. Nf3 Be3+ 42. Ke1 h6 43. h3 Bf2+ 44. Kd2 Ne3 45. Ne5 Nf1+ 46. Kd1 Bb5 47. Bb3 Kh7 48. Bb2 h5 49. g4 Bg3 50. Nf3 Ne3+ 51. Kd2 Bf4 52. gxh5 gxh5 53. Kc3 Ba6 54. Bc1 Bh6 55. Bxe3 Bxe3 56. Bc4 d2 57. Nxd2 Bxd2+ 58. Kd3 Bxc4+ 59. Ke4 1/2-1/2

[Event "Campionato europeo 2007"]
[Site "Dresda GER"]
[Date "2007.04.05"]
[Round "3"]
[White "Nisipeanu, Liviu-Dieter"]
[Black "Lopez Martinez, Josep Manuel"]
[Result "1/2-1/2"]
[WhiteElo "2693"]
[BlackElo "2563"]
[PlyCount "136"]
[EventDate "2007.04.03"]
[Source "www.chesslib.no"]
[SourceDate "2004.05.04"]

1. d4 d5 2. Nf3 Nf6 3. c4 c6 4. e3 e6 5. Bd3 dxc4 6. Bxc4 c5 7. O-O a6 8. Qe2 b5 9. Bb3 Bb7 10. Rd1 Nbd7 11. a4 c4 12. Bc2 Be7 13. e4 O-O 14. Nbd2 Re8 15. Nf1 Qc7 16. Ng3 Nf8 17. Bg5 N6d7 18. Bxe7 Rxe7 19. b3 cxb3 20. Bxb3 Rb8 21. axb5 axb5 22. Qd2 Ree8 23. Qb4 Qf4 24. Bc2 Bc6 25. Ra7 Ra8 26. Ne2 Qb8 27. Rxa8 Qxa8 28. Nc3 Nf6 29. Re1 N8d7 30. Bd3 Rb8 31. Nd2 Rb6 32. Rb1 h6 33. f3 Ne8 34. Nb3 Qb8 35. g3 Nc7 36. Na5 Ba8 37. Nxb5 Nxb5 38. Bxb5 Qd8 39. Qc3 Nf6 40. Bd3 Rd6 41. Nb3 Rd7 42. Ra1 Qb8 43. Nc5 Rd8 44. Bf1 h5 45. Kf2 h4 46. Be2 Rc8 47. Qe3 Rd8 48. Rd1 Bc6 49. Nd3 Ba4 50. Ra1 Be8 51. Ne5 Qb4 52. gxh4 Qxd4 53. Qxd4 Rxd4 54. Ra8 Ra4 55. Rc8 Kh7 56. Bd3 Ra2+ 57. Ke3 Rxh2 58. Nc4 e5 59. Nxe5 Rxh4 60. Nc4 Bd7 61. Rf8 Be6 62. e5+ g6 63. exf6 Bxc4 64. Bxc4 Rxc4 65. Rxf7+ Kg8 66. Rg7+ Kf8 67. Rxg6 Kf7 68. Rh6 Ra4 1/2-1/2

[Event "RUS Cup final 5th"]
[Site "Kazan"]
[Date "2001.10.04"]
[Round "3"]
[White "Burmakin, Vladimir"]
[Black "Kharlov, Andrei"]
[Result "0-1"]
[WhiteElo "2593"]
[BlackElo "2656"]
[PlyCount "94"]
[EventDate "2001.10.02"]
[Source "ChessBase"]
[SourceDate "2001.02.01"]

1. d4 d5 2. Nf3 Nf6 3. c4 dxc4 4. e3 e6 5. Bxc4 c5 6. O-O a6 7. Qe2 b5 8. Bb3 Bb7 9. Rd1 Nbd7 10. a4 Qb8 11. Bc2 cxd4 12. Nxd4 b4 13. Nd2 Bd6 14. h3 a5 15. Nc4 Bh2+ 16. Kh1 O-O 17. Nb3 Bc7 18. e4 Ne5 19. Nxe5 Bxe5 20. Bd3 Rc8 21. Nd2 Rd8 22. Re1 Bd4 23. Nb3 Qa7 24. Be3 Bxe3 25. Qxe3 Qxe3 26. Rxe3 Bc6 27. f3 Nd7 28. Nd4 Bxa4 29. Bb5 e5 30. Bxa4 exd4 31. Ree1 Nc5 32. Bc6 Rac8 33. Bd5 Nd3 34. Reb1 Rc5 35. b3 h5 36. Kg1 Nf4 37. Bc4 h4 38. Ra2 d3 39. Kf1 Ne2 40. Rd2 a4 41. Rxd3 Rxd3 42. Bxd3 Nf4 43. Bc4 a3 44. Ra1 Rg5 45. Rd1 Rxg2 46. Rd8+ Kh7 47. Bxf7 a2 0-1

[Event "Reggio Emilia91 Top16"]
[Site "Reggio Emilia"]
[Date "1991.??.??"]
[Round "?"]
[White "Ribli, Zoltan"]
[Black "Ehlvest, Jaan"]
[Result "1/2-1/2"]
[WhiteElo "2595"]
[BlackElo "2650"]
[PlyCount "37"]
[EventDate "1991.01.??"]
[Source "ChessBase"]

1. Nf3 d5 2. d4 Nf6 3. c4 dxc4 4. e3 e6 5. Bxc4 c5 6. O-O a6 7. Qe2 b5 8. Bb3 Bb7 9. Rd1 Nbd7 10. Nc3 Qc8 11. e4 cxd4 12. Nxd4 Qb8 13. a3 Bd6 14. h3 O-O 15. Nf3 Ne5 16. Ne1 Ng6 17. Nd3 Ne5 18. Ne1 Ng6 19. Nd3 1/2-1/2

[Event "Polanica Zdroj"]
[Site "?"]
[Date "1996.??.??"]
[Round "?"]
[White "Huebner, R."]
[Black "Rublevsky, S."]
[Result "1-0"]
[WhiteElo "2595"]
[BlackElo "2645"]
[PlyCount "107"]
[EventDate "1996.??.??"]
[Source "ChessBase"]
[SourceDate "1996.06.01"]

1. d4 d5 2. c4 dxc4 3. Nf3 e6 4. e3 c5 5. Bxc4 a6 6. O-O Nf6 7. Qe2 b5 8. Bb3 Bb7 9. a4 b4 10. Nbd2 Nbd7 11. a5 Be7 12. Nc4 O-O 13. Bd2 Qb8 14. Rfc1 Bd5 15. Ba4 Rc8 16. e4 Bc6 17. Bxc6 Rxc6 18. Nfe5 Nxe5 19. dxe5 Nd7 20. f4 Qb5 21. b3 Rd8 22. Rd1 f6 23. Qg4 Qb8 24. Qg3 Rcc8 25. Be3 fxe5 26. fxe5 Nf8 27. h4 Qb7 28. Qg4 h5 29. Qxh5 Qxe4 30. Bg5 Bxg5 31. Qxg5 Rxd1+ 32. Rxd1 Nh7 33. Qe7 Qg4 34. Ne3 Qg6 35. h5 Qf7 36. Qxf7+ Kxf7 37. Rd7+ Kg8 38. Rd6 Ra8 39. Rxe6 Ng5 40. Rg6 Ne4 41. Nc4 Rd8 42. Rxa6 Rd3 43. Ra8+ Kf7 44. a6 Rxb3 45. a7 Rb1+ 46. Kh2 Ra1 47. e6+ Kxe6 48. Re8+ Kd5 49. Ne3+ Kc6 50. a8=Q+ Rxa8 51. Rxa8 b3 52. Rb8 Nd2 53. Nd1 c4 54. Kg3 1-0

[Event "Nationale I"]
[Site "Clermont Ferrand"]
[Date "2003.05.07"]
[Round "8.1"]
[White "Istratescu, Andrei"]
[Black "Landa, Konstantin"]
[Result "1/2-1/2"]
[WhiteElo "2593"]
[BlackElo "2643"]
[PlyCount "54"]
[EventDate "2003.05.07"]
[Source "Roberto Alvarez"]
[SourceDate "2003.05.12"]

1. d4 Nf6 2. c4 e6 3. Nf3 d5 4. Nc3 dxc4 5. e3 a6 6. Bxc4 b5 7. Bb3 Bb7 8. O-O c5 9. Qe2 Nbd7 10. Rd1 Qb8 11. d5 exd5 12. Nxd5 Bxd5 13. Bxd5 Nxd5 14. Rxd5 Be7 15. e4 Qb7 16. Bg5 f6 17. Bf4 O-O 18. Rad1 Nb6 19. R5d2 Rfe8 20. e5 fxe5 21. Qxe5 Bf8 22. Qf5 Qe4 23. Qxe4 Rxe4 24. g3 Na4 25. Be5 Re8 26. b3 Nb6 27. Bf4 Rc8 1/2-1/2

[Event "Manila ol (Men)"]
[Site "Manila PHI"]
[Date "1992.??.??"]
[Round "?"]
[White "Nikolic, Predrag"]
[Black "Seirawan, Yasser"]
[Result "1-0"]
[WhiteElo "2635"]
[BlackElo "2600"]
[PlyCount "67"]
[EventDate "1992.06.??"]
[Source "www.chesslib.no"]
[SourceDate "2004.05.04"]

1. d4 d5 2. c4 dxc4 3. Nf3 c5 4. e3 Nf6 5. Bxc4 e6 6. O-O a6 7. Qe2 b5 8. Bb3 Bb7 9. Rd1 Nbd7 10. Nc3 Qb8 11. d5 exd5 12. Bxd5 Nxd5 13. Nxd5 Bxd5 14. Rxd5 Qb7 15. Rg5 g6 16. e4 Bg7 17. e5 Nf8 18. a4 Rb8 19. axb5 axb5 20. e6 Nxe6 21. Rxc5 O-O 22. Rc2 b4 23. Be3 b3 24. Rd2 Rfd8 25. h3 Qe4 26. Rad1 Rxd2 27. Qxd2 Bf6 28. Qd3 Qa4 29. Qe2 Rc8 30. Ne1 Kg7 31. g3 h5 32. h4 Re8 33. Nf3 Qe4 34. Bh6+ 1-0

[Event "Pamplona ESP"]
[Site "?"]
[Date "1997.??.??"]
[Round "4"]
[White "Andersson Ulf"]
[Black "Magem Badals Jordi"]
[Result "1-0"]
[WhiteElo "2655"]
[BlackElo "2570"]
[PlyCount "99"]
[EventDate "1997.??.??"]
[Source "www.chesslib.no"]
[SourceDate "2004.05.04"]

1. Nf3 d5 2. d4 Nf6 3. c4 dxc4 4. e3 e6 5. Bxc4 c5 6. O-O a6 7. Nc3 b5 8. Bb3 Bb7 9. Qe2 Nbd7 10. Rd1 Qc7 11. e4 cxd4 12. Nxd4 Bc5 13. Be3 O-O 14. Rac1 Qb6 15. f3 Rfd8 16. a3 Ne5 17. Nc2 Bxe3+ 18. Qxe3 Qxe3+ 19. Nxe3 Kf8 20. Nc2 Nc6 21. Kf2 Rxd1 22. Nxd1 Rd8 23. Ke3 Nd7 24. Nf2 Nb6 25. Ba2 b4 26. Nd3 bxa3 27. bxa3 Nd7 28. Rb1 Rb8 29. Nd4 Ba8 30. Rc1 Rb6 31. Nxc6 Bxc6 32. Nb4 Bb7 33. Rc3 Ke7 34. Bb3 a5 35. Nd3 Ba6 36. Bc2 Bb5 37. f4 h6 38. e5 Bc6 39. g3 Bd5 40. Rc7 Bb7 41. Rc6 a4 42. Rc7 Rd6 43. Rc4 Nf8 44. Bxa4 Ra6 45. Bb5 Bg2 46. Rc3 Bh3 47. Rc8 Ra8 48. Rc1 Rxa3 49. Rc2 Kd8 50. Rf2 1-0

[Event "Moscow (ol)"]
[Site "?"]
[Date "1994.??.??"]
[Round "?"]
[White "Huebner, R."]
[Black "Georgiev, Ki"]
[Result "1-0"]
[WhiteElo "2605"]
[BlackElo "2615"]
[PlyCount "117"]
[EventDate "1994.??.??"]
[Source "ChessBase"]
[SourceDate "1994.10.01"]

1. d4 Nf6 2. Nf3 d5 3. c4 dxc4 4. e3 e6 5. Bxc4 c5 6. O-O a6 7. Qe2 b5 8. Bb3 Bb7 9. a4 Nbd7 10. axb5 axb5 11. Rxa8 Qxa8 12. Nc3 b4 13. Nb5 Qb8 14. e4 cxd4 15. Nbxd4 Nc5 16. Bc4 Be7 17. Bb5+ Nfd7 18. Rd1 O-O 19. Bxd7 Nxd7 20. Nxe6 fxe6 21. Rxd7 Qc8 22. Rxe7 Qxc1+ 23. Qe1 Qxe1+ 24. Nxe1 Bxe4 25. Rxe6 Bg6 26. Rb6 Rf4 27. Nf3 Kf8 28. Ne5 Be8 29. f3 Rd4 30. Kf1 Rd5 31. f4 Rd4 32. g3 Rd2 33. Rxb4 Rxh2 34. Rb7 Rc2 35. b4 Rb2 36. Ke1 h5 37. Kf1 Rb1+ 38. Kg2 Rb2+ 39. Kh3 Rb1 40. f5 Re1 41. Ng6+ Bxg6 42. fxg6 Re6 43. Rb5 Re4 44. Rf5+ Ke8 45. b5 Rg4 46. Rxh5 Rxg6 47. Rh4 Rg5 48. Rb4 Kd7 49. b6 Kc8 50. b7+ Kb8 51. Rb6 Re5 52. Kh4 Rd5 53. g4 Re5 54. g5 Rd5 55. Kh5 Rc5 56. Kg6 Rd5 57. Rb1 Rc5 58. Rg1 Rc7 59. Rf1 1-0

[Event "Hastings 9596"]
[Site "Hastings"]
[Date "1996.??.??"]
[Round "3"]
[White "Khalifman, Alexander"]
[Black "Sadler, Matthew"]
[Result "0-1"]
[WhiteElo "2655"]
[BlackElo "2565"]
[PlyCount "104"]
[EventDate "1995.12.??"]
[Source "ChessBase"]

1. d4 d5 2. c4 dxc4 3. Nf3 a6 4. e3 Nf6 5. Bxc4 e6 6. O-O c5 7. Qe2 b5 8. Bb3 Bb7 9. a4 b4 10. Rd1 Be7 11. Nbd2 O-O 12. Nc4 Nbd7 13. Nfe5 Qc7 14. e4 cxd4 15. Bf4 Qc5 16. Rac1 Qa7 17. Na5 Bc5 18. Nxb7 Qxb7 19. Nd3 Rfc8 20. Rc4 Bb6 21. e5 Nd5 22. Qf3 a5 23. Rdc1 Rxc4 24. Bxc4 Rc8 25. Kf1 Rc6 26. Bd2 Bc7 27. Bxd5 Rxc1+ 28. Bxc1 exd5 29. Qe2 Qc6 30. f4 Qxa4 31. f5 Qc6 32. e6 fxe6 33. fxe6 Nf6 34. Bg5 Kf8 35. Bxf6 gxf6 36. e7+ Ke8 37. Qh5+ Kxe7 38. Qxh7+ Kd6 39. Qh8 Qc4 40. Qxf6+ Kd7 41. Qf5+ Kc6 42. Qg6+ Kb5 43. Ke2 Ka4 44. h4 Kb3 45. h5 a4 46. Qf5 a3 47. bxa3 bxa3 48. Qf1 Qc2+ 49. Kf3 a2 50. Nc1+ Kb2 51. Nd3+ Kc3 52. Nf2 Qf5+ 0-1

[Event "Pamplona 9798"]
[Site "Pamplona"]
[Date "1997.12.31"]
[Round "4"]
[White "Andersson, Ulf"]
[Black "Magem Badals, Jordi"]
[Result "1-0"]
[WhiteElo "2640"]
[BlackElo "2550"]
[PlyCount "99"]
[EventDate "1997.12.28"]
[Source "ChessBase"]
[SourceDate "1998.04.09"]

1. Nf3 d5 2. d4 Nf6 3. c4 dxc4 4. e3 e6 5. Bxc4 c5 6. O-O a6 7. Nc3 b5 8. Bb3 Bb7 9. Qe2 Nbd7 10. Rd1 Qc7 11. e4 cxd4 12. Nxd4 Bc5 13. Be3 O-O 14. Rac1 Qb6 15. f3 Rfd8 16. a3 Ne5 17. Nc2 Bxe3+ 18. Qxe3 Qxe3+ 19. Nxe3 Kf8 20. Nc2 Nc6 21. Kf2 Rxd1 22. Nxd1 Rd8 23. Ke3 Nd7 24. Nf2 Nb6 25. Ba2 b4 26. Nd3 bxa3 27. bxa3 Nd7 28. Rb1 Rb8 29. Nd4 Ba8 30. Rc1 Rb6 31. Nxc6 Bxc6 32. Nb4 Bb7 33. Rc3 Ke7 34. Bb3 a5 35. Nd3 Ba6 36. Bc2 Bb5 37. f4 h6 38. e5 Bc6 39. g3 Bd5 40. Rc7 Kd8 41. Ra7 Rc6 42. Ba4 Rc7 43. Rxa5 Nb6 44. Bb5 Rc2 45. Ra7 Rxh2 46. Rxf7 g5 47. Kd4 Ba2 48. Kc5 Nd5 49. Kd6 Kc8 50. Nc5 1-0

[Event "Bundesliga 9495"]
[Site "Germany"]
[Date "1995.??.??"]
[Round "?"]
[White "Dokhoian, Yury"]
[Black "Huebner, Robert"]
[Result "1/2-1/2"]
[WhiteElo "2580"]
[BlackElo "2605"]
[PlyCount "63"]
[EventDate "1994.10.??"]
[Source "ChessBase"]
[SourceDate "1999.07.01"]

1. d4 d5 2. Nf3 Nf6 3. c4 dxc4 4. e3 e6 5. Bxc4 c5 6. O-O a6 7. Qe2 b5 8. Bb3 Bb7 9. a4 Nbd7 10. axb5 axb5 11. Rxa8 Qxa8 12. Nc3 b4 13. Nb5 Bxf3 14. Qxf3 Qxf3 15. gxf3 Be7 16. Nc7+ Kd8 17. Nb5 Kc8 18. dxc5 Nxc5 19. Bc2 Rd8 20. Nd4 Kb7 21. Rd1 g6 22. Bd2 Nd5 23. Kf1 Bf6 24. Be1 Kb6 25. Ra1 Rc8 26. Bd2 Be5 27. h3 Bf6 28. Ke2 b3 29. Ba5+ Kb7 30. Nxb3 Bxb2 31. Rb1 Na4 32. Be4 1/2-1/2

[Event "Antwerpen"]
[Site "?"]
[Date "1993.??.??"]
[Round "?"]
[White "Christiansen, L."]
[Black "Kortchnoi, V."]
[Result "1/2-1/2"]
[WhiteElo "2555"]
[BlackElo "2625"]
[PlyCount "95"]
[EventDate "1993.??.??"]
[Source "ChessBase"]
[SourceDate "1993.06.01"]

1. d4 d5 2. c4 dxc4 3. Nf3 Nf6 4. e3 e6 5. Bxc4 c5 6. O-O a6 7. Qe2 b5 8. Bb3 Bb7 9. Rd1 Nbd7 10. Nc3 b4 11. Na4 Qa5 12. Bd2 cxd4 13. Nxd4 e5 14. a3 exd4 15. exd4+ Kd8 16. Nc5 Bxc5 17. dxc5 Re8 18. Qd3 Qb5 19. Qh3 Bc6 20. axb4 Ke7 21. Bc3 Kf8 22. Rd6 a5 23. Rad1 Ra7 24. Qf5 axb4 25. Bd4 Qe2 26. h3 Be4 27. Qf4 Bc2 28. Bxf6 Nxf6 29. R6d2 Bxd1 30. Rxe2 Bxe2 31. Qxb4 Rc8 32. c6+ Kg8 33. Qc5 Rac7 34. Ba4 Ra8 35. b3 Ne8 36. Qe5 Bd1 37. Qe1 Bc2 38. Qe2 Bf5 39. b4 Be6 40. Qb5 Rcc8 41. Bc2 g6 42. Kh2 Nc7 43. Qc5 Rab8 44. Bd3 Bb3 45. h4 Ba4 46. Bc4 Bb5 47. Bb3 Na6 48. Bxf7+ 1/2-1/2

[Event "Corr"]
[Site "?"]
[Date "2000.11.01"]
[Round "?"]
[White "Morgado Juan Sebastian"]
[Black "Fester Albrecht"]
[Result "0-1"]
[WhiteElo "2696"]
[BlackElo "2483"]
[PlyCount "83"]
[EventDate "2000.??.??"]
[Source "www.chesslib.no"]
[SourceDate "2004.05.04"]

1. d4 d5 2. c4 dxc4 3. Nf3 a6 4. e3 e6 5. Bxc4 c5 6. O-O Nf6 7. Qe2 b5 8. Bb3 Bb7 9. Rd1 Nbd7 10. Nc3 Qb8 11. d5 Nxd5 12. Nxd5 Bxd5 13. Bxd5 exd5 14. e4 d4 15. e5 Be7 16. b4 cxb4 17. e6 fxe6 18. Bg5 Bxg5 19. Nxg5 e5 20. Qg4 Qb6 21. Qf3 O-O-O 22. Nf7 Rhf8 23. Rac1+ Kb8 24. Rc6 Qb7 25. Nxd8 Rxf3 26. gxf3 Qa7 27. Rdc1 Nb6 28. Re6 Ka8 29. Re8 Qd7 30. Ne6+ Qxe8 31. Nc7+ Kb8 32. Nxe8 Nd5 33. Nxg7 Nc3 34. Rc2 Kc7 35. f4 Kd6 36. Ne8+ Ke7 37. Nc7 d3 38. Rd2 Ne2+ 39. Kg2 Nxf4+ 40. Kf3 a5 41. Nxb5 Ke6 42. Ke4 0-1